[Event "Titled Tuesday intern op 08th Aug Late"]
[Site "Chess.com INT"]
[Date "2023.08.08"]
[Round "5"]
[White "Smieszek, Wojciech"]
[Black "Upper, John"]
[Result "1-0"]
[WhiteElo "2118"]
[BlackElo "1980"]
[PlyCount "77"]
[EventDate "2023.08.08"]
[EventType "swiss (blitz)"]
[EventRounds "11"]
[EventCountry "USA"]
[SourceTitle "EXT 2024"]
[Source "ChessBase"]
[SourceDate "2023.10.10"]
[SourceVersion "1"]
[SourceVersionDate "2023.10.10"]
[SourceQuality "1"]

1. e4 c5 2. Nf3 Nc6 3. d4 cxd4 4. Nxd4 Nf6 5. Nc3 e5 6. Ndb5 d6 7. Nd5 Nxd5 8. exd5 Nb8 9. a4 a6 10. Na3 Be7 11. Be2 0-0 12. 0-0 f5 13. f4 Nd7 14. Kh1 g6 15. Be3 Bf6 16. Nc4 b6 17. a5 exf4 18. Bxf4 Ne5 19. Nxb6 Rb8 20. Nxc8 Qxc8 21. Rb1 Qc5 22. c3 Qxa5 23. Ra1 Qb6 24. Rxa6 Qxb2 25. Rxd6 Qxc3 26. Re6 Rb2 27. d6 Nd7 28. Qd5 Nb6 29. Qd1 g5 30. Bc1 Rb1 31. Qd2 Qxd2 32. Bxd2 Rb2 33. Ba5 Nd7 34. Rxf5 Rb1+ 35. Rf1 Rxf1+ 36. Bxf1 Bc3 37. Bc4 Bxa5 38. Re5+ Kg7 39. Rxa5 1-0

[Event "Titled Tuesday intern op 08th Aug Late"]
[Site "Chess.com INT"]
[Date "2023.08.08"]
[Round "3"]
[White "Upper, John"]
[Black "Seemann, Jakub"]
[Result "0-1"]
[WhiteElo "1980"]
[BlackElo "2429"]
[PlyCount "76"]
[EventDate "2023.08.08"]
[EventType "swiss (blitz)"]
[EventRounds "11"]
[EventCountry "USA"]
[SourceTitle "EXT 2024"]
[Source "ChessBase"]
[SourceDate "2023.10.10"]
[SourceVersion "1"]
[SourceVersionDate "2023.10.10"]
[SourceQuality "1"]

1. b3 Nf6 2. Bb2 e6 3. e3 d5 4. f4 Be7 5. Nf3 0-0 6. Be2 b6 7. 0-0 Bb7 8. d3 Nbd7 9. Nbd2 c5 10. h3 Rc8 11. Qe1 Ne8 12. e4 d4 13. a4 Nd6 14. Kh2 a6 15. g4 f5 16. gxf5 exf5 17. e5 Ne8 18. Rg1 Nc7 19. Qg3 Ne6 20. Nc4 Rf7 21. h4 Ndf8 22. h5 b5 23. axb5 axb5 24. Nd6 Bxd6 25. exd6 Qxd6 26. Ne5 Rfc7 27. Ra7 Bd5 28. Ra5 Re8 29. Bf3 Nxf4 30. Qxf4 Rxe5 31. Bxd5+ Qxd5 32. Rxb5 Re2+ 33. Kh3 Rce7 34. Bc1 Rxc2 35. Rb8 Rc3 36. Rg5 Rxd3+ 37. Kh2 Re2+ 38. Kg1 Rd1+ 0-1

[Event "Titled Tuesday intern op 08th Aug Late"]
[Site "Chess.com INT"]
[Date "2023.08.08"]
[Round "9"]
[White "Villabrille, Roberto"]
[Black "Upper, John"]
[Result "0-1"]
[WhiteElo "2140"]
[BlackElo "1980"]
[PlyCount "52"]
[EventDate "2023.08.08"]
[EventType "swiss (blitz)"]
[EventRounds "11"]
[EventCountry "USA"]
[SourceTitle "EXT 2024"]
[Source "ChessBase"]
[SourceDate "2023.10.10"]
[SourceVersion "1"]
[SourceVersionDate "2023.10.10"]
[SourceQuality "1"]

1. d4 Nf6 2. Nf3 e6 3. Bf4 d5 4. e3 Bd6 5. Bg3 0-0 6. Nbd2 c5 7. c3 Qc7 8. Ne5 Nbd7 9. Ndf3 Ne4 10. Nxd7 Nxg3 11. hxg3 Bxd7 12. Bd3 g6 13. Ng5 h5 14. Rxh5 Bxg3 15. Qg4 f5 16. Rh8+ Kxh8 17. Qh3+ Kg7 18. Qh7+ Kf6 19. Qh6 Rh8 20. Nh7+ Kf7 21. fxg3 Qxg3+ 22. Kd2 Qxg2+ 23. Be2 cxd4 24. cxd4 Bb5 25. Re1 Rac8 26. Kd1 Bxe2+ 0-1

[Event "Titled Tuesday intern op 11th Jul Late"]
[Site "Chess.com INT"]
[Date "2023.07.11"]
[Round "10"]
[White "Alexikov, Alexander"]
[Black "Upper, John"]
[Result "1-0"]
[WhiteElo "2209"]
[BlackElo "1980"]
[PlyCount "85"]
[EventDate "2023.07.11"]
[EventType "swiss (blitz)"]
[EventRounds "11"]
[EventCountry "USA"]
[SourceTitle "EXT 2024"]
[Source "ChessBase"]
[SourceDate "2023.10.10"]
[SourceVersion "1"]
[SourceVersionDate "2023.10.10"]
[SourceQuality "1"]

1. e4 c5 2. Nf3 Nc6 3. d4 cxd4 4. Nxd4 Nf6 5. Nc3 e5 6. Ndb5 d6 7. Bg5 a6 8. Na3 b5 9. Nd5 Be7 10. Bxf6 Bxf6 11. c4 b4 12. Nc2 a5 13. g3 0-0 14. Bg2 Be6 15. 0-0 Rb8 16. b3 Bxd5 17. Qxd5 Nd4 18. Nxd4 exd4 19. a3 Qb6 20. axb4 Qxb4 21. Rfb1 d3 22. Rxa5 d2 23. Ra2 Bc3 24. Qd3 Ra8 25. Rc2 Ra1 26. Rxa1 Bxa1 27. Rxd2 Rb8 28. Qxd6 g6 29. Qxb4 Rxb4 30. Rd3 Kf8 31. f4 Ke7 32. Bf3 Bb2 33. e5 Ba3 34. Kf2 Rb6 35. Ke2 Bc5 36. Kd2 Bb4+ 37. Kc2 Ra6 38. Kb2 Ba3+ 39. Kb1 Bb4 40. Bg4 h5 41. Bf3 Ke8 42. Rd5 Ra3 43. Kb2 1-0

[Event "Titled Tuesday intern op 11th Jul Late"]
[Site "Chess.com INT"]
[Date "2023.07.11"]
[Round "9"]
[White "Oliveira, Tiago Batista"]
[Black "Upper, John"]
[Result "1-0"]
[WhiteElo "1971"]
[BlackElo "1980"]
[PlyCount "49"]
[EventDate "2023.07.11"]
[EventType "swiss (blitz)"]
[EventRounds "11"]
[EventCountry "USA"]
[SourceTitle "EXT 2024"]
[Source "ChessBase"]
[SourceDate "2023.10.10"]
[SourceVersion "1"]
[SourceVersionDate "2023.10.10"]
[SourceQuality "1"]

1. d4 Nf6 2. c4 e6 3. Nf3 d5 4. g3 Bb4+ 5. Bd2 Be7 6. Bg2 0-0 7. 0-0 c6 8. Qc2 Nbd7 9. Rd1 b6 10. Bf4 Ba6 11. Nbd2 Rc8 12. b3 h6 13. e4 dxe4 14. Nxe4 c5 15. dxc5 Nxe4 16. Qxe4 Nxc5 17. Rxd8 Nxe4 18. Rxf8+ Kxf8 19. Ne5 Nc3 20. Re1 Bf6 21. Nd7+ Ke7 22. Nxf6 gxf6 23. Bd2 Nxa2 24. Ra1 Nb4 25. Bxb4+ 1-0

[Event "Titled Tuesday intern op 11th Jul Late"]
[Site "Chess.com INT"]
[Date "2023.07.11"]
[Round "7"]
[White "Upper, John"]
[Black "Esmeraldas Huachi, Anderson Yahir"]
[Result "0-1"]
[WhiteElo "1980"]
[BlackElo "2141"]
[PlyCount "68"]
[EventDate "2023.07.11"]
[EventType "swiss (blitz)"]
[EventRounds "11"]
[EventCountry "USA"]
[SourceTitle "EXT 2024"]
[Source "ChessBase"]
[SourceDate "2023.10.10"]
[SourceVersion "1"]
[SourceVersionDate "2023.10.10"]
[SourceQuality "1"]

1. d4 d5 2. Nf3 Nf6 3. e3 c5 4. c4 dxc4 5. Bxc4 a6 6. a4 e6 7. 0-0 Nc6 8. Nc3 cxd4 9. exd4 Be7 10. Re1 0-0 11. Qe2 Nb4 12. b3 b6 13. Ne4 Bb7 14. Nxf6+ Bxf6 15. Bb2 Bd5 16. Rad1 Qd7 17. Ne5 Qb7 18. Ba3 Be7 19. f4 Rfd8 20. f5 exf5 21. Nxf7 Kxf7 22. Bxd5+ Nxd5 23. Qe6+ Ke8 24. Re5 Kf8 25. Rxd5 Qxd5 26. Qxe7+ Kg8 27. Re1 Qxd4+ 28. Kh1 Qf6 29. Qxf6 gxf6 30. h3 Rd7 31. Re6 Rb8 32. Bb2 b5 33. axb5 Rxb5 34. Bxf6 Rxb3 0-1

[Event "Titled Tuesday intern op 11th Jul Late"]
[Site "Chess.com INT"]
[Date "2023.07.11"]
[Round "11"]
[White "Upper, John"]
[Black "Loebler, Heimo"]
[Result "0-1"]
[WhiteElo "1980"]
[BlackElo "2086"]
[PlyCount "34"]
[EventDate "2023.07.11"]
[EventType "swiss (blitz)"]
[EventRounds "11"]
[EventCountry "USA"]
[SourceTitle "EXT 2024"]
[Source "ChessBase"]
[SourceDate "2023.10.10"]
[SourceVersion "1"]
[SourceVersionDate "2023.10.10"]
[SourceQuality "1"]

1. d4 Nf6 2. Nf3 g6 3. e3 Bg7 4. Bd3 0-0 5. Nbd2 d6 6. b3 Nbd7 7. Bb2 Qe8 8. 0-0 e5 9. dxe5 dxe5 10. e4 Qe7 11. Nc4 Nh5 12. Ba3 c5 13. Ne3 Nf4 14. Bc4 Nb6 15. Qe1 Nxc4 16. Nxc4 b6 17. Qc3 Ne2+ 0-1

[Event "Titled Tuesday intern op 04th Jul Late"]
[Site "Chess.com INT"]
[Date "2023.07.04"]
[Round "8"]
[White "Upper, John"]
[Black "Antonio, Jorge Carlos"]
[Result "0-1"]
[WhiteElo "1980"]
[BlackElo "2277"]
[PlyCount "86"]
[EventDate "2023.07.04"]
[EventType "swiss (blitz)"]
[EventRounds "11"]
[EventCountry "USA"]
[SourceTitle "EXT 2024"]
[Source "ChessBase"]
[SourceDate "2023.10.10"]
[SourceVersion "1"]
[SourceVersionDate "2023.10.10"]
[SourceQuality "1"]

1. d4 d5 2. Nf3 c6 3. e3 Nf6 4. Bd3 Bg4 5. h3 Bh5 6. c4 e6 7. Nc3 Bg6 8. Qc2 Nbd7 9. 0-0 Bd6 10. Rd1 Bxd3 11. Qxd3 0-0 12. e4 dxe4 13. Nxe4 Nxe4 14. Qxe4 Nf6 15. Qe2 Qc7 16. Bg5 Nd7 17. Rac1 Rae8 18. Ne5 Nxe5 19. dxe5 Bxe5 20. Be3 b6 21. c5 b5 22. Bd4 Bxd4 23. Rxd4 Rd8 24. Rcd1 Rd5 25. Rxd5 exd5 26. Re1 Qa5 27. a3 h6 28. Qe7 Qd2 29. Re2 Qc1+ 30. Kh2 Qc4 31. Re3 d4 32. Re4 Qd5 33. Re2 d3 34. Rd2 g6 35. f4 Rd8 36. Qe3 Qd4 37. Qxd4 Rxd4 38. Kg3 f5 39. Kf3 Rc4 40. Ke3 Rxc5 41. Rxd3 Kf7 42. Rd7+ Ke6 43. Rxa7 Rc2 0-1

[Event "Titled Tuesday intern op 05th Oct"]
[Site "Chess.com INT"]
[Date "2021.10.05"]
[Round "2"]
[White "Bethke, Richard"]
[Black "Upper, John"]
[Result "1-0"]
[WhiteElo "2330"]
[BlackElo "1980"]
[PlyCount "83"]
[EventDate "2021.10.05"]
[EventType "swiss (blitz)"]
[EventRounds "11"]
[EventCountry "USA"]
[SourceTitle "CBM 204 Extra"]
[Source "ChessBase"]
[SourceDate "2021.11.30"]
[SourceVersion "1"]
[SourceVersionDate "2021.11.30"]
[SourceQuality "1"]

1. e4 c5 2. Nf3 Nc6 3. d4 cxd4 4. Nxd4 Nf6 5. Nc3 e5 6. Ndb5 d6 7. Bg5 a6 8. Na3 b5 9. Nd5 Be7 10. Bxf6 Bxf6 11. c3 0-0 12. Nc2 Bg5 13. a4 Rb8 14. axb5 axb5 15. Be2 Ne7 16. Ncb4 f5 17. Nxe7+ Bxe7 18. Nc6 Qc7 19. Qd5+ Kh8 20. Nxb8 Qxb8 21. Qxb5 Bb7 22. exf5 Bxg2 23. Qxb8 Rxb8 24. Rg1 Be4 25. b4 Bxf5 26. Bc4 Be4 27. 0-0-0 g6 28. Bd5 Bxd5 29. Rxd5 Kg7 30. Kb2 Kf6 31. Kb3 Ke6 32. c4 Ra8 33. b5 Ra7 34. Kb4 Ra2 35. Rb1 Bd8 36. Rbd1 Bc7 37. c5 dxc5+ 38. Kxc5 Rc2+ 39. Kb4 Rb2+ 40. Kc3 Rxf2 41. b6 Bb8 42. Rd8 1-0

[Event "Titled Tuesday intern op 05th Oct"]
[Site "Chess.com INT"]
[Date "2021.10.05"]
[Round "8"]
[White "Johnson, Ben"]
[Black "Upper, John"]
[Result "1-0"]
[WhiteElo "2118"]
[BlackElo "1980"]
[PlyCount "61"]
[EventDate "2021.10.05"]
[EventType "swiss (blitz)"]
[EventRounds "11"]
[EventCountry "USA"]
[SourceTitle "CBM 204 Extra"]
[Source "ChessBase"]
[SourceDate "2021.11.30"]
[SourceVersion "1"]
[SourceVersionDate "2021.11.30"]
[SourceQuality "1"]

1. Nf3 d5 2. e3 Nf6 3. c4 c6 4. Nc3 e6 5. b3 Nbd7 6. Bb2 Bd6 7. d4 0-0 8. Bd3 Re8 9. cxd5 exd5 10. 0-0 Nf8 11. Ne2 Ng6 12. Rc1 Ne4 13. Ng3 Qe7 14. a3 Bg4 15. h3 Nxg3 16. hxg4 Nxf1 17. Qxf1 Bxa3 18. Bxa3 Qxa3 19. Bc2 f6 20. Rb1 Qa2 21. Qd3 a6 22. Kh2 Re4 23. Kg3 Qa3 24. Nd2 Qd6+ 25. Kf3 Nh4+ 26. Ke2 Qh2 27. Nxe4 dxe4 28. Qxe4 Ng6 29. g3 Qh6 30. Rh1 Qg5 31. Rh5 1-0

[Event "Titled Tuesday intern op 05th Oct"]
[Site "Chess.com INT"]
[Date "2021.10.05"]
[Round "7"]
[White "Tiwari, Aswani"]
[Black "Upper, John"]
[Result "1-0"]
[WhiteElo "2070"]
[BlackElo "1980"]
[PlyCount "49"]
[EventDate "2021.10.05"]
[EventType "swiss (blitz)"]
[EventRounds "11"]
[EventCountry "USA"]
[SourceTitle "CBM 204 Extra"]
[Source "ChessBase"]
[SourceDate "2021.11.30"]
[SourceVersion "1"]
[SourceVersionDate "2021.11.30"]
[SourceQuality "1"]

1. b3 d5 2. Bb2 c5 3. e3 a6 4. f4 Nc6 5. Nf3 Bg4 6. Be2 e6 7. 0-0 Nf6 8. Ne5 Bxe2 9. Qxe2 Be7 10. d3 Qc7 11. Nxc6 Qxc6 12. Nd2 0-0 13. a4 b5 14. axb5 axb5 15. e4 d4 16. h3 Rxa1 17. Rxa1 Ra8 18. Qe1 Nh5 19. Rxa8+ Qxa8 20. f5 e5 21. Qa1 Qxa1+ 22. Bxa1 Bg5 23. Nf3 Be3+ 24. Kf1 Nf4 25. Nxe5 1-0

[Event "Titled Tuesday intern op 05th Oct"]
[Site "Chess.com INT"]
[Date "2021.10.05"]
[Round "9"]
[White "Upper, John"]
[Black "Suhaila, M Mohsin"]
[Result "1-0"]
[WhiteElo "1980"]
[BlackElo "1658"]
[PlyCount "59"]
[EventDate "2021.10.05"]
[EventType "swiss (blitz)"]
[EventRounds "11"]
[EventCountry "USA"]
[SourceTitle "CBM 204 Extra"]
[Source "ChessBase"]
[SourceDate "2021.11.30"]
[SourceVersion "1"]
[SourceVersionDate "2021.11.30"]
[SourceQuality "1"]

1. c4 Nf6 2. Nc3 g6 3. e4 e5 4. Nf3 d6 5. d4 Nc6 6. d5 Ne7 7. Be2 Bg7 8. Bg5 h6 9. Be3 Ng4 10. Bd2 f5 11. exf5 gxf5 12. Nh4 0-0 13. 0-0 Nxd5 14. Nxd5 Qxh4 15. Bxg4 fxg4 16. Nxc7 Rb8 17. Be3 g3 18. Qd5+ Kh8 19. fxg3 Qe7 20. Rxf8+ Bxf8 21. Rf1 Kg7 22. Bxa7 Qxc7 23. Bxb8 Qe7 24. Bxd6 Be6 25. Bxe7 Bxd5 26. Bxf8+ Kg6 27. cxd5 e4 28. d6 e3 29. d7 e2 30. Re1 1-0

[Event "Titled Tuesday intern op 28th Sept"]
[Site "Chess.com INT"]
[Date "2021.09.28"]
[Round "11"]
[White "Antonova, Nadezhda"]
[Black "Upper, John"]
[Result "1-0"]
[WhiteElo "1877"]
[BlackElo "1980"]
[PlyCount "61"]
[EventDate "2021.09.28"]
[EventType "swiss (blitz)"]
[EventRounds "11"]
[EventCountry "USA"]
[SourceTitle "CBM 204 Extra"]
[Source "ChessBase"]
[SourceDate "2021.11.30"]
[SourceVersion "1"]
[SourceVersionDate "2021.11.30"]
[SourceQuality "1"]

1. b3 c5 2. Bb2 Nc6 3. e3 a6 4. Nf3 e6 5. c4 Nf6 6. Be2 Be7 7. 0-0 0-0 8. Nc3 d5 9. cxd5 Nxd5 10. Nxd5 Qxd5 11. d4 cxd4 12. Nxd4 Nxd4 13. Bxd4 Bd7 14. Bf3 Qb5 15. a4 Qb4 16. Bxg7 Rfd8 17. Bd4 e5 18. Bxe5 Bb5 19. Qc2 Bxf1 20. Rxf1 Rac8 21. Qf5 Qh4 22. Bxb7 Rc5 23. Bxa6 Bd6 24. Qf6 Qxf6 25. Bxf6 Rb8 26. Bc4 Rh5 27. g3 Rf5 28. Bd4 h5 29. h4 Bb4 30. Kg2 Ra5 31. Rd1 1-0

[Event "Titled Tuesday intern op 14th Sept"]
[Site "Chess.com INT"]
[Date "2021.09.14"]
[Round "4"]
[White "Dejmek, Mark W"]
[Black "Upper, John"]
[Result "1-0"]
[WhiteElo "2018"]
[BlackElo "1980"]
[PlyCount "51"]
[EventDate "2021.09.14"]
[EventType "swiss (blitz)"]
[EventRounds "11"]
[EventCountry "USA"]
[SourceTitle "EXT 2022"]
[Source "ChessBase"]
[SourceDate "2021.10.06"]
[SourceVersion "1"]
[SourceVersionDate "2021.10.06"]
[SourceQuality "1"]

1. e4 c5 2. Be2 Nc6 3. f4 e6 4. Nf3 d5 5. d3 g6 6. 0-0 Bg7 7. c3 Nge7 8. Qe1 0-0 9. Kh1 b5 10. Be3 d4 11. Bf2 a5 12. a4 b4 13. c4 b3 14. Nbd2 Qb6 15. Qd1 Rb8 16. Ra3 Bd7 17. Rxb3 Qc7 18. Rxb8 Rxb8 19. b3 Nb4 20. Bg3 Na2 21. f5 e5 22. Bh4 f6 23. fxg6 hxg6 24. Bg3 Nc3 25. Qe1 Be6 26. Nh4 1-0

[Event "Titled Tuesday intern op 07th Sept"]
[Site "Chess.com INT"]
[Date "2021.09.07"]
[Round "11"]
[White "Tharushi, THD Niklesha"]
[Black "Upper, John"]
[Result "1/2-1/2"]
[WhiteElo "1711"]
[BlackElo "1980"]
[PlyCount "34"]
[EventDate "2021.09.07"]
[EventType "swiss (blitz)"]
[EventRounds "11"]
[EventCountry "USA"]
[SourceTitle "EXT 2022"]
[Source "ChessBase"]
[SourceDate "2021.10.06"]
[SourceVersion "1"]
[SourceVersionDate "2021.10.06"]
[SourceQuality "1"]

1. e4 c5 2. Nf3 Nc6 3. d4 cxd4 4. Nxd4 Nf6 5. Nc3 e5 6. Ndb5 d6 7. Be3 a6 8. Na3 b5 9. Nd5 Nxd5 10. exd5 Ne7 11. c4 Bd7 12. cxb5 axb5 13. Nxb5 Qa5+ 14. Bd2 Qb6 15. Be3 Qa5+ 16. Bd2 Qb6 17. Be3 Qa5+ 1/2-1/2

[Event "Titled Tuesday intern op 31st Aug"]
[Site "Chess.com INT"]
[Date "2021.08.31"]
[Round "4"]
[White "Dejmek, Mark W"]
[Black "Upper, John"]
[Result "0-1"]
[WhiteElo "2018"]
[BlackElo "1980"]
[PlyCount "138"]
[EventDate "2021.08.31"]
[EventType "swiss (blitz)"]
[EventRounds "11"]
[EventCountry "USA"]
[SourceTitle "EXT 2022"]
[Source "ChessBase"]
[SourceDate "2021.10.06"]
[SourceVersion "1"]
[SourceVersionDate "2021.10.06"]
[SourceQuality "1"]

1. Nf3 d5 2. c4 d4 3. e3 Nc6 4. exd4 Nxd4 5. Nxd4 Qxd4 6. Be2 e5 7. Nc3 c6 8. d3 Nf6 9. Be3 Qd6 10. d4 exd4 11. Qxd4 Qxd4 12. Bxd4 Be7 13. 0-0 0-0 14. Bf3 Be6 15. b3 Rfd8 16. Rad1 Rd7 17. h3 h6 18. Ne4 Nxe4 19. Bxe4 Rad8 20. f4 Rxd4 21. Rde1 Bb4 22. Re2 Rd2 23. Rxd2 Rxd2 24. f5 Bc5+ 25. Kh2 Bd7 26. Kg3 f6 27. Kf3 Kf8 28. g4 Rxa2 29. Rd1 Ke7 30. Bb1 Rf2+ 31. Kg3 Re2 32. Kf4 a5 33. h4 b5 34. g5 fxg5+ 35. hxg5 hxg5+ 36. Kxg5 Be8 37. cxb5 cxb5 38. Bd3 Re3 39. Kf4 a4 40. bxa4 bxa4 41. Bb1 Rc3 42. Re1+ Kf8 43. Ba2 a3 44. f6 gxf6 45. Kf5 Bd4 46. Re4 Be5 47. Rh4 Bd7+ 48. Ke4 Rc2 49. Bb3 Rb2 50. Bd5 Rb4+ 51. Ke3 Rxh4 52. Kd2 Ke7 53. Kc2 Kd6 54. Bb3 Kc5 55. Ba2 Kb4 56. Kb1 Rh2 57. Bd5 Kc3 58. Kc1 Bd6 59. Kb1 Ba4 60. Be4 Rf2 61. Bd5 Rf1+ 62. Ka2 Rf2+ 63. Kb1 Be5 64. Ka1 Re2 65. Kb1 f5 66. Be6 f4 67. Bg4 Re1+ 68. Ka2 Bb3+ 69. Kxa3 Ra1# 0-1

[Event "Titled Tuesday intern op 31st Aug"]
[Site "Chess.com INT"]
[Date "2021.08.31"]
[Round "8"]
[White "Hernandez Jimenez, Alexander Andres"]
[Black "Upper, John"]
[Result "1-0"]
[WhiteElo "2169"]
[BlackElo "1980"]
[PlyCount "55"]
[EventDate "2021.08.31"]
[EventType "swiss (blitz)"]
[EventRounds "11"]
[EventCountry "USA"]
[SourceTitle "EXT 2022"]
[Source "ChessBase"]
[SourceDate "2021.10.06"]
[SourceVersion "1"]
[SourceVersionDate "2021.10.06"]
[SourceQuality "1"]

1. e4 c5 2. Nf3 Nc6 3. d4 cxd4 4. Nxd4 Nf6 5. Nc3 e5 6. Ndb5 d6 7. Bg5 a6 8. Na3 b6 9. Nd5 Be7 10. Bxf6 gxf6 11. c3 f5 12. exf5 Bxf5 13. Qf3 Bg6 14. h4 h5 15. Nf6+ Bxf6 16. Qxc6+ Kf8 17. Rd1 Kg7 18. Nc4 b5 19. Nxd6 Qa5 20. Bd3 e4 21. Bxe4 Bxe4 22. Nxe4 Rhe8 23. Qxf6+ Kg8 24. Qg5+ Kf8 25. Rd4 Qxa2 26. 0-0 Qxb2 27. Qh6+ Kg8 28. Nf6# 1-0

[Event "Titled Tuesday intern op 31st Aug"]
[Site "Chess.com INT"]
[Date "2021.08.31"]
[Round "1"]
[White "Tologontegin, Semetey"]
[Black "Upper, John"]
[Result "1-0"]
[WhiteElo "2368"]
[BlackElo "1980"]
[PlyCount "61"]
[EventDate "2021.08.31"]
[EventType "swiss (blitz)"]
[EventRounds "11"]
[EventCountry "USA"]
[SourceTitle "EXT 2022"]
[Source "ChessBase"]
[SourceDate "2021.10.06"]
[SourceVersion "1"]
[SourceVersionDate "2021.10.06"]
[SourceQuality "1"]

1. e4 c5 2. Nf3 Nc6 3. Bb5 g6 4. 0-0 Bg7 5. Re1 e5 6. Nc3 Nge7 7. Nd5 0-0 8. d3 a6 9. Bc4 b5 10. Bb3 d6 11. c3 h6 12. a4 Be6 13. Bd2 Na5 14. Ba2 Nxd5 15. Bxd5 Bxd5 16. exd5 Nb7 17. Qb3 Qd7 18. Ra2 Na5 19. Qc2 c4 20. axb5 Qxb5 21. dxc4 Nxc4 22. Qd3 Nxd2 23. Qxd2 Rfb8 24. Rea1 Bf8 25. b4 Qc4 26. Ra5 Rb5 27. Rxb5 Qxb5 28. Ne1 Rc8 29. Nc2 Qc4 30. Ra3 f5 31. Ne3 1-0

[Event "Titled Tuesday intern op 24th Aug"]
[Site "Chess.com INT"]
[Date "2021.08.24"]
[Round "9"]
[White "Alvarez Fernandez, Enrique"]
[Black "Upper, John"]
[Result "1-0"]
[WhiteElo "2346"]
[BlackElo "1980"]
[PlyCount "81"]
[EventDate "2021.08.24"]
[EventType "swiss (blitz)"]
[EventRounds "11"]
[EventCountry "USA"]
[SourceTitle "EXT 2022"]
[Source "ChessBase"]
[SourceDate "2021.10.06"]
[SourceVersion "1"]
[SourceVersionDate "2021.10.06"]
[SourceQuality "1"]

1. e4 c5 2. Nf3 Nc6 3. d4 cxd4 4. Nxd4 Nf6 5. Nc3 e5 6. Ndb5 d6 7. Nd5 Nxd5 8. exd5 Nb8 9. c4 Be7 10. h4 0-0 11. g3 Nd7 12. Bg2 f5 13. h5 a6 14. Nc3 Bf6 15. g4 Nb6 16. gxf5 Nxc4 17. Qg4 e4 18. Nxe4 Ne5 19. Qg3 Bxf5 20. Nxf6+ Qxf6 21. 0-0 Bd3 22. Rd1 Bc2 23. Bg5 Qf5 24. Rd2 Be4 25. Bh3 Qxg5 26. Be6+ Kh8 27. Qxg5 Nf3+ 28. Kf1 Nxg5 29. Rd4 Nxe6 30. dxe6 d5 31. e7 Rf7 32. Re1 Re8 33. f3 Rxf3+ 34. Kg1 Rf7 35. Kh2 Rfxe7 36. Kg3 h6 37. Kf4 Rf8+ 38. Kg3 Rf3+ 39. Kg4 Ref7 40. Rexe4 dxe4 41. Rxe4 1-0

[Event "Titled Tuesday intern op 24th Aug"]
[Site "Chess.com INT"]
[Date "2021.08.24"]
[Round "1"]
[White "Upper, John"]
[Black "Aghasiyev, Kamal"]
[Result "1-0"]
[WhiteElo "1980"]
[BlackElo "2441"]
[PlyCount "69"]
[EventDate "2021.08.24"]
[EventType "swiss (blitz)"]
[EventRounds "11"]
[EventCountry "USA"]
[SourceTitle "EXT 2022"]
[Source "ChessBase"]
[SourceDate "2021.10.06"]
[SourceVersion "1"]
[SourceVersionDate "2021.10.06"]
[SourceQuality "1"]

1. c4 e6 2. Nc3 d5 3. e3 Nf6 4. Nf3 Be7 5. b3 0-0 6. Bb2 dxc4 7. Bxc4 b6 8. 0-0 Bb7 9. Ne5 Nbd7 10. f4 Nxe5 11. fxe5 Nd7 12. d4 c5 13. Qe2 a6 14. Rad1 Qc7 15. d5 Nxe5 16. dxe6 Nxc4 17. exf7+ Rxf7 18. Rxf7 Kxf7 19. Qxc4+ Kf8 20. Rf1+ Bf6 21. Nd5 Bxd5 22. Qxd5 Rd8 23. Qh5 Kg8 24. Bxf6 gxf6 25. Rxf6 Qe7 26. Qg5+ Kh8 27. Qf4 Kg7 28. Rxb6 Rd1+ 29. Kf2 Rd2+ 30. Kf1 Rd1+ 31. Ke2 Rd4 32. Qg3+ Kf7 33. Qf3+ Kg7 34. Rb7 Rd7 35. Qg4+ 1-0

[Event "Titled Tuesday intern op 24th Aug"]
[Site "Chess.com INT"]
[Date "2021.08.24"]
[Round "2"]
[White "Upper, John"]
[Black "Arabidze, Meri"]
[Result "0-1"]
[WhiteElo "1980"]
[BlackElo "2438"]
[PlyCount "52"]
[EventDate "2021.08.24"]
[EventType "swiss (blitz)"]
[EventRounds "11"]
[EventCountry "USA"]
[SourceTitle "EXT 2022"]
[Source "ChessBase"]
[SourceDate "2021.10.06"]
[SourceVersion "1"]
[SourceVersionDate "2021.10.06"]
[SourceQuality "1"]

1. c4 e6 2. Nc3 d5 3. e3 Nf6 4. Nf3 c5 5. cxd5 exd5 6. d4 Nc6 7. Be2 a6 8. dxc5 Bxc5 9. 0-0 0-0 10. b3 Bg4 11. Bb2 Bd6 12. Rc1 Bc7 13. Nd4 Qd6 14. g3 Bh3 15. Re1 Rad8 16. Nxc6 bxc6 17. Bf3 Rfe8 18. Ne2 Bg4 19. Bxf6 Bxf3 20. Bxd8 Rxd8 21. Qd4 Ba5 22. Qf4 Qxf4 23. Nxf4 Bxe1 24. Rxe1 c5 25. Nd3 d4 26. Nxc5 d3 0-1

[Event "Titled Tuesday intern op 24th Aug"]
[Site "Chess.com INT"]
[Date "2021.08.24"]
[Round "10"]
[White "Upper, John"]
[Black "Bongo Akanga Ndjila, Barthelemy"]
[Result "0-1"]
[WhiteElo "1980"]
[BlackElo "1803"]
[PlyCount "66"]
[EventDate "2021.08.24"]
[EventType "swiss (blitz)"]
[EventRounds "11"]
[EventCountry "USA"]
[SourceTitle "EXT 2022"]
[Source "ChessBase"]
[SourceDate "2021.10.06"]
[SourceVersion "1"]
[SourceVersionDate "2021.10.06"]
[SourceQuality "1"]

1. c4 e6 2. Nc3 d5 3. e3 Nf6 4. Nf3 Nbd7 5. b3 c6 6. Bb2 Bd6 7. Qc2 0-0 8. d4 e5 9. cxd5 cxd5 10. dxe5 Nxe5 11. Be2 Bg4 12. Nxe5 Bxe5 13. Bxg4 Nxg4 14. h3 Nxe3 15. fxe3 Qh4+ 16. Kf1 d4 17. exd4 Bxd4 18. Ne4 Rac8 19. Qxc8 Rxc8 20. Bxd4 Qxe4 21. Bf2 Qd3+ 22. Kg1 Rc2 23. Re1 g5 24. Re3 Rc1+ 25. Kh2 Qd6+ 26. Bg3 Rxh1+ 27. Kxh1 Qd1+ 28. Re1 Qd7 29. Kh2 h5 30. h4 f6 31. Re4 Qd2 32. Re7 gxh4 33. Be1 Qd6+ 0-1